Представление документа в формате RUSMARC

ПолеНазваниеЗначение
  Тип записи a
  Библиографический уровень m
001 Контрольный номер RU/SLIB/B/208754245
005 Дата корректировки 20201206204145.8
010 Индекс ISBN __
d Цена 2-82
101 Язык документа __
a Язык текста rus
200 Заглавие и сведения об ответственности 1_
a Заглавие Русское искусство первой четверти XVIII века
e Сведения, относящиеся к заглавию материалы и исслед.
f Первые сведения об ответственности АН СССР, Ин-т истории искусств м-ва культуры СССР ; под ред. Т. В. Алексеевой
b Общее обозначение материала Текст
210 Выходные данные __
a Место издания М.
c Издательство Наука
d Дата издания 1974
215 Физическое описание __
a Объем 234 с., [158] л. ил.
606 Тематические рубрики __
a Основная рубрика Изобразительное искусство и архитектура
606 Тематические рубрики __
a Основная рубрика История изобразительного искусства
606 Тематические рубрики __
z Хронологическая подрубрика 18 в. нач.
610 Ключевые слова __
a Ключевые слова русское искусство; исследования; история архитектуры; история искусства; персоналии; искусство; русская архитектура
686 Индексы других классификаций __
a Классификационный индекс 85.103(2=411.2)51
702 Вторичная интеллектуальная ответственность _1
a Фамилия Алексеева
b Имя Т. В.
4 Код отношения Ответственный редактор
4 Код отношения 340
801 Источник записи _0
a Страна RU
b Организация Муниципальное бюджетное учреждение культуры "Централизованная библиотечная система" г. Сургут (Центральная городская библиотека им. А. С. Пушкина)
g Правила каталогизации КиК/Уланова
801 Источник записи _1
a Страна RU
b Организация Муниципальное бюджетное учреждение культуры "Централизованная библиотечная система" г. Сургут (Центральная городская библиотека им. А. С. Пушкина)
g Правила каталогизации КиК/Уланова
852 Данные о местонахождении __
j Шифр хранения 85.103(2=411.2)51
i Авторский знак Р 89
p Инвентарный номер 50081(с)
901 Тип документа __
t Тип документа m
990 Данные о заказе (DOS) __
j Количество экземпляров (DOS) 1